000 02119nam0a2200433 4500
001 RU\NLR\BIBL_A\016295443
005 20250625031149.0
010 _a978-5-00204-691-1
_9500
021 _aRU
_b2023-1570
_9КН-П-141
035 _a(RuMoRGB)011529460
035 _a(NLR Aleph) 016295443
090 _a12957441
_c12957441
100 _a20230221d2022 |||y0rusy50 ca
101 0 _arus
_atur
102 _aRU
105 _aac||j||||||z|
181 1 _ai3
_baxxe
182 1 _an
200 1 _aБуквы и звуки в русском языке
_dRus dilinde harfler ve sesler
_e[пособие
_eдля лиц, говорящих на турецком языке и изучающих русский язык на начальном и среднем этапах
_eдля достижения уровней A1 и A2
_fГ. З. Секизкардеш (Габтрахманова)]
_ztur
203 _aТекст
_bвизуальный
_cнепосредственный
210 _aМосква
_cПеро
_d2022
215 _a54 с.
_cцв. ил., порт.
_d10х14
300 _aАвт. также на тур. яз: Sekizkardeş Cabtrakhmanova Güzel
300 _aАвт. указан в макете
300 _aЧасть информ. в кн. размещена в электрон. версии, доступ к которой в ссылках QR-кодов
510 1 _6z33790
_aRus dilinde harfler ve sesler
_ztur
606 1 _aРусский язык
_jУчебные издания для иностранцев
_xФонетика
_91547668
_3RU\NLR\AUTH\66976537
675 _a811.161.1(075.4)
_v4
686 1 _aШ141.12-93тур-1
700 1 _7ca
_8rus
_aСекизкардеш
_bГ. З.
_gГузель Зиннуровна
_9253733
_3RU\NLR\AUTH\770253789
790 1 _7ba
_8rus
_aSekizkardeš
_bG. Z.
_gGuzel' Zinnuruvna
_9253739
_3RU\NLR\AUTH\770253795
852 _aNLR
_bОЛСАА-тур
_j1-120
942 _cBOOK
980 _aNB
980 1 _aTUR